Structural changes in India's Foreign trade / (Record no. 36683)
[ view plain ]
| 000 -LEADER | |
|---|---|
| fixed length control field | 00339nam a2200109Ia 4500 |
| 008 - FIXED-LENGTH DATA ELEMENTS--GENERAL INFORMATION | |
| fixed length control field | 220512s9999 xx 000 0 eng d |
| 100 ## - MAIN ENTRY--PERSONAL NAME | |
| Personal name | Bhat, T P |
| 245 #0 - TITLE STATEMENT | |
| Title | Structural changes in India's Foreign trade / |
| Statement of responsibility, etc. | Bhat, T P |
| 260 ## - PUBLICATION, DISTRIBUTION, ETC. | |
| Place of publication, distribution, etc. | New Delhi : |
| Name of publisher, distributor, etc. | Instuitute for Studies in Industrial Development, |
| Date of publication, distribution, etc. | Feb-12 |
| 546 ## - LANGUAGE NOTE | |
| Language note | English |
| 942 ## - ADDED ENTRY ELEMENTS (KOHA) | |
| Koha item type | Research Papers |
| Withdrawn status | Lost status | Damaged status | Not for loan | Collection code | Home library | Current library | Date acquired | Total Checkouts | Barcode | Date last seen | Price effective from | Koha item type |
|---|---|---|---|---|---|---|---|---|---|---|---|---|
| Working Papers | NASSDOC Library | NASSDOC Library | 12/05/2022 | P937 | 12/05/2022 | 12/05/2022 | Research Papers |
